Manufacturing Cells Space and Time Structures

Syntéza štruktúr výrobných buniek. Priestorové a časové štruktúry výrobných buniek.

Salvato in:
Dettagli Bibliografici
Autore principale: Klobušická, Marcela
Altri autori: Daneshjo, Naqibullah, 1964-
Natura: Capitolo di libro
Lingua:slovacco
Soggetti:
Tags: Aggiungi Tag
Nessun Tag, puoi essere il primo ad aggiungerne!!

MARC

LEADER 00000naa$a2200000$$$4500
001 0277991
005 20220819162141.0
041 0 |a slo 
044 |a SK 
245 1 0 |a Manufacturing Cells Space and Time Structures  |c Marcela Klobušická, Naqibullah Daneshjo 
520 |a Syntéza štruktúr výrobných buniek. Priestorové a časové štruktúry výrobných buniek. 
610 2 0 |a proces výrobný 
610 2 0 |a priestor 
610 2 0 |a čas 
610 2 0 |a štruktúra výroby 
100 1 |a Klobušická, Marcela 
700 1 |a Daneshjo, Naqibullah, 1964-